000
00323nam a2200133Ia 4500
005
20260328101512.0
008
260328s9999||||xx |||||||||||||| ||und||
100
_a
Dufau, Pierre
245
0
_a
Non A L UbUrbanisme /
_c
Pierre Dufau
260
_b
Le Meiller Des Mondes
300
_a
223 p.
650
_a
URBANISMO
942
_c
BK
999
_c
9224
_d
9224